000
00375nam a2200157Ia 4500
005
20250508152940.0
008
008 250505s9999 xx 000 0 eng d
037
_a
Books to be hide in OPAC
040
_a
FEDL
_b
eng
_c
FEDL
041
_a
eng
_2
eng
084
_q
FEDL
245
0
_a
Israel: Ancient mosaics
260
_c
1960
942
_c
HB
999
_c
1339759
_d
1339759